000 01330nam a2200241Ia 4500
999 _c39052
_d39052
001 5576
003 GE_BSU
005 20190426193509.0
008 181216s1983||||ge |||||||||||||| ||geo||
040 _cGE_BSU
041 _ageo
080 _a624.016.5+690.33 ს-75
100 _aსოხაძე, ა.
_9488
245 _aრკინაბეტონის კარკასის ელემენტების გაანგარიშება (მრავალსართულიანი კავშირებიანი სისტემა) :
_bდამხმ.სახელმძღვ. /
_cა. სოხაძე, ნ.ღლონტი ; რედ. ი.გოგუაძე.
264 _aთბილისი :
_bგანათლება,
_c1983.
300 _a72გვ. :
_bნახაზები, დანართები ;
_c20 სმ.
504 _aბიბლიოგრ. : გვ.71.
653 _aრკინაბეტონის კარკასის ელემენტების გაანგარიშება
653 _aრკინაბეტონის კარკასები
700 _aღლონტი, ნ.
_eავტორი
_9487
700 _a გოგუაძე, ი.
_eრედაქტორი
_9498
942 _cBK
_2udc